000 00405nam a22001457a 4500
005 20250312084630.0
006 Continuing Resources
008 250312b |||||||| |||| 00| 0 eng d
040 _cMMSU
100 _aRaymun Antonio
245 _a10 of PBBM's priority bills already passed by House
_cRaymun Antonio
260 _bManila Bulletin
_c07/27/27
300 _aInformation file
942 _2lcc
_cCR
999 _c24626
_d24626